000 00400nam a2200157Ia 4500
008 090124s9999 xx 000 0 und d
082 _b113049
245 _a मातृपूजन
250 _a1
260 _c1969
300 _a320
630 _a मातृपूजन
700 _aगाडगीळ अमरेंद्र.
730 _a मातृपूजन
942 _cBOOK
999 _c159140
_d159140